Acuerdos, Convenios y Memorándums de Cooperación – ODEPA (Record no. 172223)
[ view plain ]
| 000 -LEADER | |
|---|---|
| fixed length control field | 00479nam a2200133Ia 4500 |
| 008 - FIXED-LENGTH DATA ELEMENTS--GENERAL INFORMATION | |
| fixed length control field | 230503t2014||||xx |||||||||||||| ||spa|| |
| 110 ## - MAIN ENTRY--CORPORATE NAME | |
| Corporate name or jurisdiction name as entry element | Oficina de estudios y políticas agrarias |
| 245 #0 - TITLE STATEMENT | |
| Title | Acuerdos, Convenios y Memorándums de Cooperación – ODEPA |
| 260 ## - PUBLICATION, DISTRIBUTION, ETC. (IMPRINT) | |
| Place of publication, distribution, etc | Santiago de Chile |
| Name of publisher, distributor, etc | ODEPA |
| Date of publication, distribution, etc | 2014 |
| 260 ## - PUBLICATION, DISTRIBUTION, ETC. (IMPRINT) | |
| Date of publication, distribution, etc | 2014 |
| 300 ## - PHYSICAL DESCRIPTION | |
| Extent | 10 páginas |
| 500 ## - GENERAL NOTE | |
| General note | (CL-D-122) |
| 856 ## - ELECTRONIC LOCATION AND ACCESS | |
| Uniform Resource Identifier | <a href="https://bibliotecadigital.odepa.gob.cl/handle/20.500.12650/2636">https://bibliotecadigital.odepa.gob.cl/handle/20.500.12650/2636</a> |
| Link text | Click para acceder al recurso |
No items available.